[Event "?"]
[Site "?"]
[Date "2004.??.??"]
[Round "?"]
[White "Makropoulou, Marina"]
[Black "Cramling, Pia"]
[Result "0-1"]
[WhiteElo "2265"]
[BlackElo "2485"]

1. e4 c5 2. Nf3 e6 3. d4 cxd4 4. Nxd4 a6 5. Bd3 Bc5 6. Nb3 Be7 7. O-O d6 8.
c4 Nf6 9. Nc3 b6 10. f4 Nbd7 11. Qe2 Bb7 12. Rf3 Qc7 13. Kh1 Rc8 14. Bd2 h5
15. Raf1 Ng4 16. Rh3 Ngf6 17. Rg3 g6 18. f5 Ne5 19. fxe6 fxe6 20. Nd4 h4
21. Rh3 Nxd3 22. Rxd3 e5 23. Bg5 exd4 24. Bxf6 Bxf6 25. Rxf6 Qe7 26. e5
dxe5 27. Rxb6 Rf8 28. Nd5 Bxd5 29. cxd5 Rc2 30. Rb8+ Kd7 31. Rb7+ Kd6 32.
Rb6+ Kxd5 33. Qd1 Qg5 34. Qg1 Rff2 35. Rb4 Qf4 36. Rd1 h3 0-1

[Event "?"]
[Site "B Las Palmas ESP"]
[Date "1993.??.??"]
[Round "?"]
[White "Trujillo, I"]
[Black "Barlov, Dragan"]
[Result "0-1"]
[WhiteElo "2265"]
[BlackElo "2480"]

1. e4 c5 2. Nf3 e6 3. d4 cxd4 4. Nxd4 Nc6 5. c4 Bc5 6. Nb3 Be7 7. Nc3 Nf6
8. Be2 O-O 9. O-O d6 10. Be3 b6 11. Nd4 Bb7 12. Bf3 Ne5 13. b3 Rc8 14. Rc1
Qc7 15. Qe2 Qb8 16. Bf4 Nxf3+ 17. Nxf3 Qa8 18. Rfe1 Rfe8 19. Nd2 h6 20. Nb5
Red8 21. Bxd6 Bxd6 22. Nxd6 Rxd6 23. e5 Rd4 24. exf6 Rcd8 25. Rcd1 gxf6 26.
f3 Qc8 27. Nf1 Qc5 28. Rxd4 Qxd4+ 29. Qe3 Qxe3+ 30. Rxe3 Kf8 31. Kf2 Rd1
32. Re1 Rd8 33. Ne3 Rd2+ 34. Re2 Rd7 35. Nf1 Rd1 36. Rd2 Ra1 37. Ne3 f5 38.
Nd1 f4 39. Nc3 Ke7 40. Rd1 Rxd1 41. Nxd1 Kd6 42. Ke2 h5 43. Kd3 h4 44. h3
f5 45. Nc3 Bc6 46. a3 e5 47. b4 e4+ 48. fxe4 Ke5 49. exf5 Bxg2 50. f6 Bf1+
51. Kd2 Bxc4 52. Ke1 Kxf6 53. Ne4+ Ke5 54. Ng5 Bd5 55. Kf2 Kf5 56. Nh7 Be4
57. Nf8 Kf6 58. Nd7+ Ke6 59. Nb8 Kd6 0-1

[Event "?"]
[Site "Bosnjaci Open 8th"]
[Date "2002.??.??"]
[Round "?"]
[White "Rogic, Davor"]
[Black "Jankovic, Alojzije"]
[Result "1-0"]
[WhiteElo "2475"]
[BlackElo "2270"]

1. e4 c5 2. Nf3 e6 3. d4 cxd4 4. Nxd4 a6 5. Bd3 Bc5 6. Nb3 Be7 7. O-O d6 8.
c4 Nf6 9. Nc3 Nc6 10. Qe2 O-O 11. f4 Qc7 12. Bd2 b6 13. Rac1 Qb8 14. Rce1
Bb7 15. Rf3 g6 16. Rh3 Qc7 17. e5 dxe5 18. fxe5 Nd7 19. Bf4 Nc5 20. Nxc5
Bxc5+ 21. Kh1 f5 22. exf6 Qxf4 23. Qxe6+ Rf7 24. Rxh7 Ne5 25. Rg7+ Kf8 26.
Qxe5 Qxe5 27. Rxe5 Rxg7 28. fxg7+ Kxg7 29. Na4 Bd6 30. Re6 Rd8 31. Nxb6 1-0

[Event "?"]
[Site "Holon Open"]
[Date "1986.??.??"]
[Round "?"]
[White "Malachi, Avraham"]
[Black "Gruenfeld, Yehuda"]
[Result "0-1"]
[WhiteElo "2210"]
[BlackElo "2535"]

1. e4 c5 2. Nf3 e6 3. d4 cxd4 4. Nxd4 a6 5. Bd3 Bc5 6. Nb3 Bb6 7. Nc3 Nc6
8. Qe2 d6 9. Be3 Nge7 10. O-O-O O-O 11. f4 Bxe3+ 12. Qxe3 Qc7 13. Rhe1 b5
14. e5 dxe5 15. fxe5 b4 16. Na4 Rb8 17. Nbc5 Rb5 18. c4 bxc3 19. Bxb5 cxb2+
20. Kxb2 axb5 21. Nc3 b4 22. Nb5 Qa5 23. Nd6 Nd5 24. Rxd5 exd5 25. Nxc8
Rxc8 26. e6 f6 27. Nb3 Qa3+ 28. Kb1 Ne5 29. e7 Qa6 30. Qd4 Qe6 31. Qxb4 Re8
32. Rd1 Nc4 33. Re1 Qf5+ 34. Ka1 Qf2 35. Qc3 Kf7 36. Na5 Nxa5 37. Qxa5 Qd4+
38. Kb1 Rb8+ 39. Kc1 Qc4+ 40. Kd2 Rb2+ 0-1

[Event "?"]
[Site "TCh-ISL 2004-5 ;The Week in Ch"]
[Date "2004.??.??"]
[Round "1"]
[White "Arnason, Asgeir T"]
[Black "Votava, Jan"]
[Result "0-1"]
[WhiteElo "2240"]
[BlackElo "2505"]

1. e4 c5 2. Nf3 e6 3. d4 cxd4 4. Nxd4 a6 5. Bd3 Bc5 6. Nb3 Be7 7. Nc3 d6 8.
Be3 Nf6 9. Qe2 Nbd7 10. f4 b5 11. a3 Bb7 12. O-O-O Qc7 13. Kb1 O-O 14. Rhf1
Rad8 15. g4 Nc5 16. e5 dxe5 17. Bxc5 Bxc5 18. Nxc5 Qxc5 19. fxe5 Nd7 20.
Rde1 Qe7 21. Be4 Bxe4 22. Qxe4 Nb6 23. Rf3 Nc4 24. Rd3 Nd2+ 25. Rxd2 Rxd2
26. h4 Qxh4 27. Qe3 Rfd8 28. g5 Qf2 29. Qe4 Rxc2 0-1

[Event "?"]
[Site "Bayern-chI Bank Hofmann 4th"]
[Date "2000.??.??"]
[Round "?"]
[White "Hamm, Stefan"]
[Black "Lobron, Eric"]
[Result "1/2-1/2"]
[WhiteElo "2215"]
[BlackElo "2530"]

1. e4 c5 2. Nf3 e6 3. d4 cxd4 4. Nxd4 a6 5. Bd3 Bc5 6. Nb3 Be7 7. O-O d6 8.
c4 Nf6 9. Nc3 b6 10. Qe2 Nbd7 11. f4 Qc7 12. Bd2 Bb7 13. Rae1 g6 14. e5 Nh5
15. Be4 O-O 16. g4 Ng7 17. Bxb7 Qxb7 18. exd6 Bxd6 19. Ne4 Be7 20. Bc3 Rae8
21. Qg2 Qc7 22. f5 f6 23. Nd4 e5 24. Nc2 Qxc4 25. Ne3 Bc5 26. Nd6 Bxe3+ 27.
Rxe3 Qc5 28. Qd2 Re7 29. Bb4 Qc6 30. Nc8 Rxc8 31. Bxe7 Kf7 32. Rc3 Nc5 33.
Bxc5 bxc5 34. fxg6+ hxg6 35. Qe2 Qe6 36. Qc4 Qxc4 37. Rxc4 Ne6 38. b4 Ke7
39. Rfc1 Kd7 40. bxc5 Nd4 41. Rb1 Kc6 42. Ra4 Kd5 43. Rxa6 Rxc5 44. Rxf6 e4
45. Rb2 e3 46. Kg2 g5 47. a4 Kc4 48. Rf1 Re5 49. Ra1 Kc3 50. Rba2 e2 51.
Kf2 Re4 52. Re1 Rf4+ 53. Kg3 Kd3 54. a5 Ke3 55. a6 Rf3+ 56. Kg2 Rf2+ 57.
Kg3 Rf3+ 58. Kg2 Rf2+ 1/2-1/2

[Event "?"]
[Site "Open Porto San Giorgio"]
[Date "2003.??.??"]
[Round "?"]
[White "Tomescu, Vlad"]
[Black "Ciuksyte, Dagne"]
[Result "0-1"]
[WhiteElo "2430"]
[BlackElo "2315"]

1. e4 c5 2. Nf3 e6 3. d4 cxd4 4. Nxd4 a6 5. Bd3 Bc5 6. Nb3 Be7 7. c4 d6 8.
Nc3 b6 9. O-O Bb7 10. Qg4 g6 11. Qe2 Qc7 12. a4 Nc6 13. Be3 Nf6 14. Rac1
Ne5 15. Bh6 d5 16. cxd5 Neg4 17. g3 Nxh6 18. Nb5 Qd8 19. Nc7+ Kf8 20. Nxa8
Qxa8 21. d6 Bd8 22. f3 Nd7 23. Rfd1 Kg7 24. h3 Re8 25. Kh2 f5 26. Qe3 Nf7
27. Bb1 Kg8 28. h4 Nfe5 29. Nd4 Nf6 30. Kh3 fxe4 31. fxe4 Bxe4 32. Bxe4
Qxe4 33. Re1 Qg4+ 34. Kg2 Nfd7 35. Rc8 Nf7 36. Nc6 e5 37. Qb3 Nc5 38. Qd5
Qxc8 0-1

[Event "?"]
[Site "WJun, Instanbul TUR"]
[Date "2005.??.??"]
[Round "11"]
[White "Li Chao"]
[Black "Papin, Vasily"]
[Result "1-0"]
[WhiteElo "2320"]
[BlackElo "2425"]

1. e4 c5 2. Nf3 e6 3. d4 cxd4 4. Nxd4 a6 5. Bd3 Bc5 6. Nb3 Be7 7. Qg4 g6 8.
Qe2 d6 9. O-O Nd7 10. Na3 Qc7 11. Nc4 b5 12. Nca5 Ngf6 13. Bh6 Bf8 14. Bd2
Rb8 15. a4 bxa4 16. Rxa4 Nb6 17. Raa1 Bg7 18. Bc3 O-O 19. f4 Re8 20. Kh1 e5
21. fxe5 dxe5 22. Rf2 Ng4 23. Rf3 f5 24. Nd2 f4 25. h3 Nf6 26. Bxa6 Bxa6
27. Qxa6 g5 28. Qb5 g4 29. Rd3 gxh3 30. Rxh3 Ng4 31. Qe2 Ne3 32. Nf1 Nxf1
33. Rxf1 Kh8 34. Qh5 h6 35. Qg6 Na4 36. Nc6 Rbc8 37. Nxe5 Rxe5 38. Rxh6+
Bxh6 39. Qxh6+ Kg8 40. Qg6+ Kh8 41. Qh5+ Kg8 42. Bxe5 Qh7 43. Qxh7+ Kxh7
44. b3 Nc5 45. Rxf4 Re8 46. b4 1-0

[Event "?"]
[Site "Quebec Open Quebec CAN"]
[Date "1997.??.??"]
[Round "?"]
[White "Linskiy, Oleg M"]
[Black "Gofshtein, Zeev-Alon"]
[Result "0-1"]
[WhiteElo "2200"]
[BlackElo "2545"]

1. e4 c5 2. Nf3 e6 3. d4 cxd4 4. Nxd4 a6 5. Bd3 Bc5 6. Nb3 Be7 7. Qg4 g6 8.
Nc3 d6 9. Qe2 Qc7 10. O-O Nd7 11. a4 b6 12. Kh1 Bb7 13. Bd2 h5 14. Nd1 Ngf6
15. Bc3 h4 16. f4 h3 17. g3 e5 18. fxe5 dxe5 19. Nf2 Nf8 20. Nd2 Ne6 21.
Nf3 Bd6 22. Nd2 Bc5 23. Ng4 Nxg4 24. Qxg4 O-O-O 25. Rf6 Kb8 26. Nf3 Rh5 27.
Nd2 Ng5 28. Nc4 Bd4 29. Qe2 Qxc4 30. Bxc4 Bxe4+ 31. Qxe4 Nxe4 32. Rxf7 Nd6
33. Bxd4 exd4 34. Rf6 Nxc4 35. b3 Nd6 36. Re1 Kc7 37. Rxg6 Rf8 38. Rg4 Rhf5
39. Kg1 Rf2 40. Rxd4 Rg2+ 41. Kh1 Rff2 42. Re7+ Kc6 43. Re1 Rxh2+ 0-1

[Event "?"]
[Site "Open Manresa"]
[Date "1998.??.??"]
[Round "?"]
[White "Lopez Martinez, Josep M"]
[Black "Vehi Bach, Victor M"]
[Result "1/2-1/2"]
[WhiteElo "2350"]
[BlackElo "2390"]

1. e4 c5 2. Nf3 e6 3. d4 cxd4 4. Nxd4 a6 5. Bd3 Bc5 6. Nb3 Be7 7. O-O d6 8.
f4 Nd7 9. Qf3 Ngf6 10. Nc3 Qc7 11. Be3 b5 12. g4 h6 13. Qg2 g6 14. g5 hxg5
15. fxg5 Nh5 16. Rf2 Bb7 17. Raf1 Ne5 18. Bd4 Rh7 19. a3 Nc4 20. Bxc4 Qxc4
21. Rd1 Bd8 22. Be3 Bc7 23. Nd4 O-O-O 24. Rd3 Ba5 25. Nb3 Bc7 26. Nd4 Ba5
27. Nb3 Bc7 28. Nd4 1/2-1/2

[Event "?"]
[Site "Elgoibar ESP"]
[Date "2001.??.??"]
[Round "?"]
[White "Gonzalez de la Torre, Santiago"]
[Black "Vehi Bach, Victor M"]
[Result "1/2-1/2"]
[WhiteElo "2290"]
[BlackElo "2450"]

1. e4 c5 2. Nf3 e6 3. d4 cxd4 4. Nxd4 a6 5. Bd3 Bc5 6. Nb3 Be7 7. Qg4 g6 8.
Qe2 d6 9. Nc3 Qc7 10. Bd2 Nd7 11. O-O b6 12. Rae1 Ngf6 13. f4 O-O 14. e5
Ne8 15. exd6 Bxd6 16. Ne4 Be7 17. Bc3 Bb7 18. Ng5 Ng7 19. Qg4 Bf6 20. Qh3
h5 21. Bxf6 Nxf6 22. Nd4 b5 23. Kh1 Qb6 24. Ndf3 Ng4 25. Ne5 Nf2+ 26. Rxf2
Qxf2 27. Rf1 Qd4 28. Qg3 f5 29. Nxg6 Rf6 30. Ne5 Be4 31. Ngf3 Qd5 32. c4
Qb7 33. c5 Rd8 34. Bxe4 fxe4 35. c6 Qc7 36. Nd7 Rxd7 37. cxd7 exf3 38. Rd1
fxg2+ 39. Qxg2 Rf8 40. Qg5 Qd8 41. Qe5 Kf7 42. Rd6 Rg8 43. h3 Qc7 44. f5
Qc1+ 45. Kh2 Qc2+ 46. Kh1 Qc1+ 47. Kh2 Qc2+ 48. Kh1 1/2-1/2

[Event "?"]
[Site "TCh-FIN"]
[Date "2005.??.??"]
[Round "4"]
[White "Nouro, Mikael"]
[Black "Karttunen, Mika"]
[Result "0-1"]
[WhiteElo "2345"]
[BlackElo "2395"]

1. e4 c5 2. Nf3 e6 3. d4 cxd4 4. Nxd4 a6 5. Bd3 Bc5 6. Nb3 Be7 7. Qg4 g6 8.
Qe2 d6 9. O-O Nd7 10. Na3 Qc7 11. Nc4 b6 12. a4 Bb7 13. Be3 Ngf6 14. a5 b5
15. Nb6 Rb8 16. Nxd7 Nxd7 17. f4 Bf6 18. c3 O-O 19. Rad1 Ba8 20. Rd2 Nc5
21. Bxc5 dxc5 22. c4 Rfd8 23. e5 Be7 24. cxb5 axb5 25. Bxb5 Rxd2 26. Nxd2
Qxa5 27. Bc4 Rxb2 28. Rd1 Bc6 29. Qd3 Ba4 30. Ra1 Rxd2 31. Qa3 Qa8 32. Bf1
Rd4 33. Bb5 Rxf4 34. Bxa4 Qe4 35. Qc3 c4 36. Re1 Bc5+ 37. Kh1 Rf2 38. Rg1
Qxg2+ 0-1

[Event "?"]
[Site "Open Dortmund GER"]
[Date "1995.??.??"]
[Round "?"]
[White "Salzmann, Juergen"]
[Black "Razuvaev, Yuri S"]
[Result "0-1"]
[WhiteElo "2155"]
[BlackElo "2585"]

1. e4 c5 2. Nf3 e6 3. d4 cxd4 4. Nxd4 a6 5. Bd3 Bc5 6. Nb3 Be7 7. O-O Nc6
8. a4 Nf6 9. Nc3 b6 10. f4 d6 11. Qe2 Qc7 12. Be3 O-O 13. g4 d5 14. e5 Nd7
15. Rf3 g6 16. Rh3 Nc5 17. Nd4 f6 18. Nxc6 Qxc6 19. Bd4 Nxd3 20. cxd3 Bc5
21. Qe3 fxe5 22. Qxe5 Bxd4+ 23. Qxd4 Qc5 24. Qxc5 bxc5 25. Rf1 Rb8 26. Rf2
Rb4 27. Rhf3 g5 28. f5 Rxg4+ 29. Rg3 Rxg3+ 30. hxg3 Rxf5 31. Rxf5 exf5 32.
Nxd5 Kf7 33. a5 Ke6 34. Nc3 Ke5 35. Kf2 Kd4 36. Ke2 h5 37. Kd2 f4 38. Ne2+
Ke5 39. gxf4+ gxf4 40. Ng1 Bg4 0-1

[Event "?"]
[Site "19th Open Pula, Pula CRO"]
[Date "2005.??.??"]
[Round "6"]
[White "Stanojoski, Zvonko"]
[Black "Medancic, Rikard"]
[Result "1-0"]
[WhiteElo "2450"]
[BlackElo "2290"]

1. e4 c5 2. Nf3 e6 3. d4 cxd4 4. Nxd4 a6 5. Bd3 Bc5 6. Nb3 Be7 7. O-O d6 8.
f4 Qc7 9. Nc3 Nf6 10. Qf3 Nc6 11. a3 O-O 12. Bd2 Bd7 13. Rae1 Rac8 14. g4
g6 15. Qh3 Rfe8 16. g5 Nh5 17. f5 exf5 18. exf5 Ne5 19. Nd5 Qd8 20. Qh4 Bc6
21. fxg6 hxg6 22. Be4 Kg7 23. Nd4 Bd7 24. Re2 Rh8 25. Nxe7 Qxe7 26. Bc3
Rxc3 27. bxc3 Bg4 28. Ree1 Nf4 29. Qg3 Nh3+ 30. Kh1 Nxg5 31. Bg2 f5 32. Rb1
b5 33. Rbe1 Qd7 34. a4 bxa4 35. Rb1 Ngf7 36. Rb7 Qe8 37. Bd5 Rh3 38. Qf4
Rxc3 39. Ne6+ Kf6 40. Rxf7+ Kxf7 41. Qh6 Qxe6 42. Qh7+ Kf6 43. Qh8+ Ke7 44.
Bxe6 Kxe6 45. Qe8+ Kf6 46. Qxa4 Rc6 47. h3 Be2 48. Qh4+ Ke6 49. Rc1 Bf3+
50. Kg1 Be4 51. Qh8 Rc3 52. Qe8+ Kf6 53. Qf8+ Ke6 54. Rd1 Rc6 55. c4 Nxc4
56. Qe8+ Kf6 57. Qd7 a5 58. Rd4 Ne5 59. Rxd6+ Kg5 60. Qe7+ Kh6 1-0

[Event "?"]
[Site "ol (Men) Istanbul TUR"]
[Date "2000.??.??"]
[Round "?"]
[White "Hussein, Aziz Nezad"]
[Black "Sommerbauer, Norbert"]
[Result "0-1"]
[WhiteElo "2350"]
[BlackElo "2390"]

1. e4 c5 2. Nf3 e6 3. d4 cxd4 4. Nxd4 Qb6 5. Nc3 Bc5 6. Na4 Qa5+ 7. c3 Bxd4
8. Qxd4 Nf6 9. Nc5 Nc6 10. Qe3 b6 11. Nd3 O-O 12. Be2 d5 13. exd5 exd5 14.
b4 Qa4 15. Bd1 Qb5 16. a4 Qc4 17. Nb2 Qh4 18. O-O Re8 19. Qf4 Qxf4 20. Bxf4
Ne4 21. Bf3 Bf5 22. Rfc1 d4 23. g4 dxc3 24. Nd1 Nd4 25. Kg2 Bg6 26. Rxc3
Nxc3 27. Bxa8 Nce2 0-1

[Event "?"]
[Site "37th Olympiad w, Turin ITA"]
[Date "2006.??.??"]
[Round "9"]
[White "Krivec, Jana"]
[Black "Ciuksyte, Dagne"]
[Result "0-1"]
[WhiteElo "2320"]
[BlackElo "2420"]

1. e4 c5 2. Nf3 e6 3. d4 cxd4 4. Nxd4 a6 5. Bd3 Bc5 6. Nb3 Be7 7. Nc3 d6 8.
f4 Nd7 9. Qe2 Qc7 10. Bd2 Ngf6 11. O-O b5 12. a4 b4 13. Nd1 Bb7 14. Nf2 a5
15. c3 bxc3 16. Bxc3 O-O 17. Qe1 Nc5 18. Bxa5 Nxd3 19. Bxc7 Nxe1 20. Rfxe1
Rfc8 21. Bb6 Rc4 22. a5 Rb4 23. Nd4 Rxb2 24. Nd1 Rxb6 0-1

[Event "?"]
[Site "Wichern Open 6th"]
[Date "2001.??.??"]
[Round "?"]
[White "Kotronias, Vasilios"]
[Black "Labahn, Wolfgang"]
[Result "1-0"]
[WhiteElo "2525"]
[BlackElo "2210"]

1. e4 c5 2. Nf3 e6 3. d4 cxd4 4. Nxd4 Qb6 5. Nc3 Bc5 6. Na4 Qa5+ 7. c3 Bxd4
8. Qxd4 e5 9. Qc5 Qxc5 10. Nxc5 Nf6 11. f3 d6 12. Nb3 d5 13. exd5 Nxd5 14.
Bd3 O-O 15. Kf2 Nc6 16. Rd1 Kh8 17. Nc5 b6 18. Bb5 Nde7 19. Na6 Bf5 20. b3
Rfd8 21. Ba3 Bc2 22. Rxd8+ Rxd8 23. Ke1 f6 24. Rc1 Bd3 25. Bxe7 Bxb5 26.
Bxd8 Bxa6 27. Rd1 h6 28. Rd6 Bb7 29. Rd7 Ba6 30. Bc7 Bc8 31. Rd6 Bb7 32.
Bb8 Kh7 33. Bxa7 Nxa7 34. Rd7 Bxf3 35. gxf3 Nb5 36. Kd2 1-0

[Event "?"]
[Site "Condom Open"]
[Date "2003.??.??"]
[Round "?"]
[White "Horvath, A"]
[Black "Boer, L"]
[Result "1-0"]
[WhiteElo "2500"]
[BlackElo "2235"]

1. e4 c5 2. Nf3 e6 3. d4 cxd4 4. Nxd4 a6 5. Bd3 Bc5 6. Nb3 Be7 7. c4 d6 8.
Nc3 Nf6 9. O-O Qc7 10. f4 Nc6 11. Be3 O-O 12. Rc1 Re8 13. Qf3 Bf8 14. a3 g6
15. Rfd1 Bg7 16. h3 Rb8 17. Bf1 Nd7 18. Qf2 b6 19. Nd2 Bb7 20. b4 Ne7 21.
Bd3 f5 22. Bd4 fxe4 23. Ndxe4 e5 24. fxe5 dxe5 25. Be3 Bf8 26. Qa2 Nf5 27.
c5+ Kh8 28. cxb6 Nxb6 29. Na4 Bd5 30. Rxc7 Bxa2 31. Bxb6 Bb3 32. Re1 Bxa4
33. Bc5 Red8 34. Bxa6 Nd4 35. Ng5 Bb3 36. Ba7 Ra8 37. b5 h6 38. Nf7+ Bxf7
39. Rxf7 Kg8 40. Rc7 e4 41. Rxe4 1-0

[Event "?"]
[Site "FMD Open Buenos Aires ARG"]
[Date "1993.??.??"]
[Round "?"]
[White "Madina, Martin"]
[Black "Giardelli, Sergio C"]
[Result "0-1"]
[WhiteElo "2260"]
[BlackElo "2475"]

1. e4 c5 2. Nf3 e6 3. d4 cxd4 4. Nxd4 a6 5. Bd3 Bc5 6. Nb3 Be7 7. Nc3 Nc6
8. Be3 Nf6 9. f4 d6 10. a4 b6 11. Qe2 Bb7 12. g4 d5 13. O-O-O Nb4 14. g5
Nd7 15. Bd4 Qc7 16. Rhf1 Nxd3+ 17. Rxd3 e5 18. fxe5 Nxe5 19. Rg3 dxe4 20.
Rf5 Nf3 21. Bxg7 Rg8 22. Nxe4 Rxg7 23. Rgxf3 Kf8 24. Rf2 Re8 25. Qh5 Bb4
26. Nc3 Re1+ 27. Nd1 Be4 28. Rf6 Qd7 29. c3 Bd5 30. Nd4 Be7 31. Rxb6 Rxg5
32. Kb1 Be4+ 33. Nc2 Rxd1+ 34. Ka2 Qxa4+ 35. Na3 Bb1+ 0-1

[Event "?"]
[Site "Autriche (championnat equipes)"]
[Date "2004.??.??"]
[Round "?"]
[White "Watzka, Horst"]
[Black "Lehner, Oliver"]
[Result "1/2-1/2"]
[WhiteElo "2335"]
[BlackElo "2400"]

1. e4 c5 2. Nf3 e6 3. d4 cxd4 4. Nxd4 a6 5. Bd3 Bc5 6. Nb3 Be7 7. Nc3 d6 8.
f4 Nd7 9. O-O Ngf6 10. Qe2 Qc7 11. Bd2 b6 12. Rae1 e5 13. g4 g6 14. g5 Nh5
15. f5 Bb7 16. Bc4 Nf4 17. Bxf4 exf4 18. Nd5 Bxd5 19. Bxd5 Ra7 20. Qg4 Bd8
21. Qxf4 Ne5 22. Re2 Qe7 23. Rg2 b5 24. Kh1 Bb6 25. c3 Rc7 26. Rd1 h6 27.
gxh6 Qf8 28. Nd4 Qxh6 29. Qxh6 Rxh6 30. a3 1/2-1/2

[Event "?"]
[Site "Open Vladimir RUS ;The Week in"]
[Date "2004.??.??"]
[Round "1"]
[White "Voitsekhovsky, Stanislav"]
[Black "Kolomensky, Vladimir"]
[Result "1-0"]
[WhiteElo "2490"]
[BlackElo "2245"]

1. e4 c5 2. Nf3 e6 3. d4 cxd4 4. Nxd4 a6 5. Bd3 Bc5 6. Nb3 Be7 7. O-O d6 8.
Be3 Nf6 9. N1d2 Nbd7 10. f4 b6 11. Qf3 Bb7 12. Qh3 O-O 13. g4 g6 14. f5
exf5 15. exf5 Re8 16. g5 Nh5 17. fxg6 hxg6 18. Bxg6 fxg6 19. Qe6+ Kh7 20.
Rf7+ Ng7 21. Qh3+ Kg8 22. Rxg7+ Kxg7 23. Qh6+ Kg8 24. Qxg6+ Kh8 25. Bd4+
Ne5 26. Qh6+ Kg8 27. g6 Bf6 28. Qh7+ Kf8 29. Bxe5 Qe7 30. Bxd6 1-0

[Event "?"]
[Site "Ch Vilnius LTU"]
[Date "2000.??.??"]
[Round "?"]
[White "Rositsan, Boris"]
[Black "Ruzele, Darius"]
[Result "0-1"]
[WhiteElo "2210"]
[BlackElo "2525"]

1. e4 c5 2. Nf3 e6 3. d4 cxd4 4. Nxd4 a6 5. Bd3 Bc5 6. Nb3 Be7 7. Be3 d6 8.
f4 Nf6 9. g4 e5 10. f5 h5 11. gxh5 d5 12. N1d2 Nc6 13. h6 gxh6 14. Qf3 Nb4
15. a3 Nxd3+ 16. cxd3 Bd7 17. Qg3 Rg8 18. Qxe5 Ng4 19. Qd4 Bh4+ 20. Ke2
Nxe3 21. Qxe3 Rg2+ 22. Kf3 Rf2+ 23. Kg4 Qf6 24. Nf3 Rxb2 25. Nbd4 Bf2 26.
Qf4 Bxd4 27. Nxd4 Qxd4 28. Qxh6 dxe4 29. Rhe1 e3+ 0-1

[Event "?"]
[Site "Elekes mem-A"]
[Date "1981.??.??"]
[Round "?"]
[White "Pogats, Jozsef"]
[Black "Szilagyi, Peter"]
[Result "1-0"]
[WhiteElo "2375"]
[BlackElo "2360"]

1. e4 c5 2. Nf3 e6 3. d4 cxd4 4. Nxd4 a6 5. Bd3 Bc5 6. Nb3 Bb6 7. O-O Nc6
8. Qe2 d6 9. N1d2 Nf6 10. Nc4 Bc7 11. Bg5 h6 12. Bh4 g5 13. Bg3 e5 14. a4
Be6 15. Rfd1 Qe7 16. a5 Rd8 17. Ne3 h5 18. f3 h4 19. Be1 Bxb3 20. Nf5 Nd4
21. Nxe7 Nxe2+ 22. Bxe2 Bxc2 23. Rdc1 Kxe7 24. Rxc2 Bb8 25. Bf2 Rc8 26.
Rac1 Rxc2 27. Rxc2 d5 28. Rc3 Rd8 29. Rb3 Rd7 30. exd5 Nxd5 31. Bxa6 bxa6
32. Rxb8 Rc7 33. h3 Rc1+ 34. Kh2 Rc2 35. Kg1 Rc1+ 36. Kh2 Rc2 37. Kg1 Ke6
38. b4 Rb2 39. Bc5 Kf5 40. Rb7 Ke6 41. b5 Rxb5 42. Rxb5 axb5 43. a6 Nc7 44.
a7 Kd7 45. Kf2 Kc6 46. Be7 Kb7 47. Bxg5 Nd5 48. Bxh4 b4 49. Bg3 f6 50. Ke2
b3 51. Kd2 Ne3 52. Kc3 Nxg2 53. h4 Ne3 54. h5 Nf5 55. Bf2 Nd6 56. h6 Nf7
57. h7 f5 58. Kxb3 e4 59. f4 1-0

[Event "?"]
[Site "Chess Circuit IM"]
[Date "2001.??.??"]
[Round "?"]
[White "Nyysti, Sampsa"]
[Black "Kiik, Kalle"]
[Result "0-1"]
[WhiteElo "2280"]
[BlackElo "2450"]

1. e4 c5 2. Nf3 e6 3. d4 cxd4 4. Nxd4 a6 5. Bd3 Bc5 6. Nb3 Be7 7. Nc3 Qc7
8. f4 d6 9. Qf3 Nf6 10. Be3 Nbd7 11. g4 h6 12. h4 h5 13. g5 Ng4 14. Bd4 f6
15. e5 dxe5 16. Bg6+ Kf8 17. Nd5 Qc6 18. Be4 exd5 19. Bxd5 Qc7 20. fxe5
Ndxe5 21. Qe4 Bd7 22. O-O-O Rc8 23. c3 Be8 24. gxf6 gxf6 0-1

[Event "?"]
[Site "FS02 GM Budapest HUN"]
[Date "1998.??.??"]
[Round "?"]
[White "Czebe, Attila"]
[Black "Naiditsch, Arkadij"]
[Result "1-0"]
[WhiteElo "2475"]
[BlackElo "2255"]

1. e4 c5 2. Nf3 e6 3. d4 cxd4 4. Nxd4 a6 5. Bd3 Bc5 6. Nb3 Be7 7. O-O d6 8.
f4 Nd7 9. Qf3 Ngf6 10. N1d2 O-O 11. a4 e5 12. Nc4 Re8 13. Be3 b6 14. g4
exf4 15. Qxf4 h6 16. Nd4 Ne5 17. Nf5 Bxf5 18. Qxf5 Nxc4 19. Bxc4 Bf8 20.
Bd4 Qc8 21. b3 Qxf5 22. Rxf5 Rxe4 23. Bxf6 Rxg4+ 24. Kf2 gxf6 25. Re1 Kg7
26. h4 Rc8 27. Kf3 Rxh4 28. Rg1+ Kh8 29. Rxf6 d5 30. Bxd5 Rc3+ 31. Ke2 Bc5
32. Rg2 Rxc2+ 33. Kf3 Rc3+ 34. Ke2 Rd4 1-0

[Event "?"]
[Site "AUT Ch Oberpullendorf"]
[Date "2002.??.??"]
[Round "?"]
[White "Sommerbauer, Norbert"]
[Black "Wallner, Joachim"]
[Result "1-0"]
[WhiteElo "2405"]
[BlackElo "2325"]

1. e4 c5 2. Nf3 e6 3. d4 cxd4 4. Nxd4 Qb6 5. Nc3 Bc5 6. Be3 Nc6 7. Ncb5 a6
8. Nxc6 Bxe3 9. Nd6+ Kf8 10. fxe3 dxc6 11. Nc4 Qc7 12. e5 b5 13. Nd6 Ne7
14. Qh5 Nf5 15. O-O-O g6 16. Qf3 Bb7 17. Be2 Rb8 18. e4 Nxd6 19. Rxd6 Qe7
20. Qf6 Qxf6 21. exf6 h5 22. Rhd1 Kg8 23. Bf3 c5 24. Rb6 Kh7 25. Rd7 Ba8
26. Rxf7+ Kh6 27. Rxe6 g5 28. h3 g4 29. hxg4 hxg4 30. Bxg4 Kg5 31. Bh3 Rh4
32. Rg7+ Kh6 33. Bf5 Rh1+ 34. Kd2 Rd8+ 35. Ke3 1-0

[Event "?"]
[Site "ESP Ch U20 Mondariz Balneario"]
[Date "2002.??.??"]
[Round "?"]
[White "Perez Candelario, Manuel"]
[Black "Alcazar Jimenez, Victor Manuel"]
[Result "1-0"]
[WhiteElo "2405"]
[BlackElo "2325"]

1. e4 c5 2. Nf3 e6 3. d4 cxd4 4. Nxd4 a6 5. Bd3 Bc5 6. Nb3 Be7 7. O-O d6 8.
f4 Nf6 9. Nc3 Qc7 10. Qe2 Nc6 11. a3 O-O 12. Bd2 b5 13. Rae1 Bb7 14. Kh1
Rad8 15. Rf3 Rfe8 16. e5 Nd7 17. Bxh7+ Kxh7 18. Rh3+ Kg8 19. Qh5 f5 20. Nd5
Qc8 21. Qh7+ Kf7 22. Rg3 Rg8 23. Qg6+ Kf8 24. exd6 exd5 25. dxe7+ Nxe7 26.
Rxe7 Kxe7 27. Bb4+ Nc5 28. Bxc5+ 1-0

[Event "?"]
[Site "KB Open Pardubice CZE"]
[Date "2000.??.??"]
[Round "?"]
[White "Zhigalko, Andrey"]
[Black "Faibisovich, Vadim Z"]
[Result "1/2-1/2"]
[WhiteElo "2315"]
[BlackElo "2415"]

1. e4 c5 2. Nf3 e6 3. d4 cxd4 4. Nxd4 a6 5. Bd3 Bc5 6. Nb3 Be7 7. O-O d6 8.
Qg4 g6 9. f4 Nd7 10. Nc3 Ngf6 11. Qe2 Qc7 12. Kh1 b6 13. a4 Bb7 14. Be3 h5
15. Bd4 h4 16. Kg1 h3 17. g3 Rh5 18. g4 Rh4 19. g5 Nh5 20. Be3 Nc5 21. Nxc5
dxc5 22. Qf2 Rg4+ 23. Kh1 O-O-O 24. Qf3 Rh4 25. Qf2 1/2-1/2

[Event "?"]
[Site "XVIII Open, Pula CRO"]
[Date "2004.??.??"]
[Round "2"]
[White "Van Dijk, Timon"]
[Black "Bistric, Faruk"]
[Result "1-0"]
[WhiteElo "2245"]
[BlackElo "2485"]

1. e4 c5 2. Nf3 e6 3. d4 cxd4 4. Nxd4 a6 5. Bd3 Bc5 6. Nb3 Be7 7. O-O d6 8.
c4 Nf6 9. Nc3 O-O 10. Be3 b6 11. Qe2 Bb7 12. Rfd1 Nbd7 13. Rac1 Qc7 14. Bb1
Rac8 15. Nd2 Qb8 16. b3 Rfe8 17. f3 Bd8 18. Nf1 Bc6 19. a4 Be7 20. Kh1 Qa8
21. Qa2 Nc5 22. Bc2 Bf8 23. a5 b5 24. b4 Ncd7 25. cxb5 axb5 26. Bd3 Qa6 27.
Qe2 Rb8 28. Nd2 d5 29. Rb1 Ne5 30. Bc2 Nc4 31. Bg1 Na3 32. Qd3 Nxb1 33.
Rxb1 g6 34. e5 Nd7 35. Bd4 Rb7 36. f4 Bg7 37. Nf3 Nb8 38. Ng5 Nd7 39. Qe2
Rc8 40. Bd3 Nf8 41. Kg1 Be8 42. Na4 Nd7 43. Nf3 Bf8 44. Be3 Rc4 45. Bxc4
bxc4 46. Nb6 Nxb6 47. Bxb6 Qb5 48. Nd4 Qd7 49. Qd2 Qc8 50. Rc1 Qb8 51. Kh1
Rxb6 52. axb6 Qxb6 53. Rb1 Bc5 54. Nc2 Qb7 55. Ra1 Bb6 56. h3 Bc6 57. Kh2
Qc7 58. Nd4 Bd7 59. Qc3 Qb7 60. Nc2 d4 61. Qxc4 Qe4 62. Rf1 Bc6 63. Ne1 Kg7
64. b5 Bb7 65. Qd3 Qd5 66. Nf3 1-0

[Event "?"]
[Site "Team Ch Austria"]
[Date "2000.??.??"]
[Round "?"]
[White "Neubauer, Martin"]
[Black "Wach, Markus"]
[Result "1-0"]
[WhiteElo "2340"]
[BlackElo "2390"]

1. e4 c5 2. Nf3 e6 3. d4 cxd4 4. Nxd4 a6 5. Bd3 Bc5 6. Nb3 Be7 7. Nc3 d6 8.
Be3 Qc7 9. a4 Nd7 10. a5 Ngf6 11. f4 e5 12. O-O O-O 13. f5 b5 14. axb6 Nxb6
15. Kh1 Bb7 16. Na5 d5 17. Bxb6 Qxb6 18. Nxb7 Qxb7 19. Nxd5 Nxd5 20. exd5
Bf6 21. Be4 Qxb2 22. c4 Qb4 23. Qd3 Qc5 24. Rfd1 a5 25. d6 Rac8 26. Rac1
Rfd8 27. Bb7 Rb8 28. Qd5 Qa7 29. Rb1 a4 30. c5 a3 31. c6 e4 32. Rd2 e3 33.
Ra2 Bb2 34. c7 e2 35. cxd8=Q+ Rxd8 36. Qe4 Qf2 37. Ba6 h5 38. Qxe2 Qxf5 39.
Re1 Rxd6 40. Qe8+ Kh7 41. Bc4 Rf6 42. Qe2 Qc5 43. Bd3+ g6 44. Rxb2 Re6 45.
Bxg6+ Kg7 46. Be4 axb2 47. Qxb2+ Qe5 48. Qxe5+ Rxe5 49. Re2 1-0